Faculty of Law Library — Cairo University

Official Online Catalog

Précis De Procédure Pénale. (Record no. 70513)

MARC details
000 -LEADER
fixed length control field 01112nam a2200301 i 4500
003 - CONTROL NUMBER IDENTIFIER
control field EG-GICUC
005 - DATE AND TIME OF LATEST TRANSACTION
control field 20260413120948.0
008 - FIXED-LENGTH DATA ELEMENTS--GENERAL INFORMATION
fixed length control field 260413s1950 be |||fr|||| 00| 0 fre d
040 ## - CATALOGING SOURCE
Original cataloging agency EG-GiCUC
Language of cataloging fre
Transcribing agency EG-GiCUC
Modifying agency EG-GiCUC
Description conventions Rda
082 04 - DEWEY DECIMAL CLASSIFICATION NUMBER
Edition number 21
Classification number 343.3
Item number BR . P
092 04 - LOCALLY ASSIGNED DEWEY CALL NUMBER (OCLC)
Edition number 21
099 ## - LOCAL FREE-TEXT CALL NUMBER (OCLC)
Classification number Law1 10 343.3 BR . P 1950
100 1# - MAIN ENTRY--PERSONAL NAME
Personal name Braas, Le Chevalier
Relator term Auteur
245 10 - TITLE STATEMENT
Title Précis De Procédure Pénale.
Number of part/section of a work Tome I,
-- Livre Premier,
Name of part/section of a work Livre Premier Du Code D'instruction Criminelle Et Lois Qui S'y Rattachent /
Statement of responsibility, etc. Par Le Chevalier Braas.
250 ## - EDITION STATEMENT
Edition statement Troisième Édition
Remainder of edition statement Revue Et Complétée
264 #1 - PRODUCTION, PUBLICATION, DISTRIBUTION, MANUFACTURE, AND COPYRIGHT NOTICE
Place of production, publication, distribution, manufacture Bruxelles :
Name of producer, publisher, distributor, manufacturer Établissements Émile Bruylant,
Date of production, publication, distribution, manufacture, or copyright notice 1950.
264 #3 - PRODUCTION, PUBLICATION, DISTRIBUTION, MANUFACTURE, AND COPYRIGHT NOTICE
Place of production, publication, distribution, manufacture Liège :
Name of producer, publisher, distributor, manufacturer Imprimerie H. Vaillant-carmanne,
300 ## - PHYSICAL DESCRIPTION
Extent 496 page ;
Dimensions 24 cm.
336 ## - CONTENT TYPE
Source rda contenu
Content type term texte
337 ## - MEDIA TYPE
Source rda medias
Media type term Ordinateur
338 ## - CARRIER TYPE
Source transporteur rda
Carrier type term Ressource en ligne
650 1# - SUBJECT ADDED ENTRY--TOPICAL TERM
Topical term or geographic name entry element Droit De Procédure Pénale
Source of heading or term qrmak
650 1# - SUBJECT ADDED ENTRY--TOPICAL TERM
Topical term or geographic name entry element Droit De Pénal
Source of heading or term qrmak
651 1# - SUBJECT ADDED ENTRY--GEOGRAPHIC NAME
Source of heading or term qrmak
856 40 - ELECTRONIC LOCATION AND ACCESS
Uniform Resource Identifier <a href="https://fll.law.cu.edu.eg/fulltext/bks/B10-08937.pdf">https://fll.law.cu.edu.eg/fulltext/bks/B10-08937.pdf</a>
905 ## - Cataloger and Reviser Names
Cataloger Name: Yasmin Sayed
942 ## - ADDED ENTRY ELEMENTS (KOHA)
Source of classification or shelving scheme Dewey Decimal Classification
Koha item type Books
Edition 21
Suppress in OPAC No
Holdings
Withdrawn status Lost status Source of classification or shelving scheme Damaged status Not for loan Collection Home library Current library Date acquired Total checkouts Full call number Barcode Date last seen Copy number Price effective from Koha item type
    Dewey Decimal Classification   Not for loan القانون الجنائي جــــامعة القــاهرة مكتبة كلية الحقوق - المبنى الرئيسي 13.04.2026   Law1 10 343.3 BR . P 3 ed - 1950 1008937 V1, P1, C1 B10-08937 13.04.2026 1 13.04.2026 Books

© All rights reserved — Faculty of Law, Cairo University